Pesticide, veterinary and other residues in food

Now more than ever, producing safe foods is of paramount importance for public safety. As the food industry strives to balance methods for efficient food production with overall safety, new research must be analyzed to quickly incorporate safe standards. A state-of-the-art reference, however, has no...

Ful tanımlama

Kaydedildi:
Detaylı Bibliyografya
Yazar: Watson, David H.
Materyal Türü: Kitap
Dil:Undetermined
Baskı/Yayın Bilgisi: New York CRC Press 2004
Konular:
Etiketler: Etiketle
Etiket eklenmemiş, İlk siz ekleyin!
Thư viện lưu trữ: Trung tâm Học liệu Trường Đại học Cần Thơ
LEADER 00864nam a2200205Ia 4500
001 CTU_94325
008 210402s9999 xx 000 0 und d
020 |c 4960000 
082 |a 632 
082 |b W337 
100 |a Watson, David H. 
245 0 |a Pesticide, veterinary and other residues in food 
245 0 |c David H. Watson 
260 |a New York 
260 |b CRC Press 
260 |c 2004 
520 |a Now more than ever, producing safe foods is of paramount importance for public safety. As the food industry strives to balance methods for efficient food production with overall safety, new research must be analyzed to quickly incorporate safe standards. A state-of-the-art reference, however, has not been available until now. 
650 |a Pesticides,Food conservation 
904 |i M.Loan 
980 |a Trung tâm Học liệu Trường Đại học Cần Thơ